000 01244nam a2200217Ia 4500
999 _c39731
_d39731
001 6336
003 GE_BSU
005 20190628205742.0
008 181216s1978|||| |||||||||||||| ||geo||
041 _ageo
080 _a62-83 კ-41
100 _aკერვალიშვილი, ო.
_92982
245 _aავტომატიზებული ელექტროამძრავის მოდელირება ანალოგიურ გამომთვლელ მანქანებზე ; დამხმ. სახელმძღვ. /
_cო. კერვალიშვილი ; ჯ. დოჭვირი ; რედ : ე.კირვალიძე.
264 _aთბილისი :
_bსპი,
_c1978.
300 _a56 გვ .:
_bნახაზ.
_c20 სმ.
504 _aბიბლიოგრ.:გვ.53
653 _aავტომატიზებული ელექტროამძრავის მოდელირება ანალოგიურ გამომთვლელ მანქანებზე
700 _aდოჭვირი, ჯ.
_92983
700 _aკირვალიძე, ე
_eრედაქტორი
_93116
942 _cBK
_2udc